000 004420000a22001690004500
003 MACL
005 20160110120059.0
008 160110b xxu||||| |||| 00| 0 eng d
040 _aMACL
_cMACL
041 _aEnglish
082 _a891/TIL
100 _aTillyard, E M W
_930762
245 _aSome Mythical Elements in English Literature
260 _bChatto & Windus
_c1961
_aLondon
650 _aLiterature
_930763
942 _cBK
_k891/Til
_2ddc
999 _c35324
_d35324